Hokovce. 440-1288 /

Korporativní autor: Československý vojenský zeměpisný ústav
Další autoři: Vaňha, František, Koruna, Josef, Svoboda, Boh., Polák, Jakub
Jazyk: Maďarština
Slovenština
Čeština
Vydáno: V Praze : Vojenský zeměpisný ústav, 1937
Vydání: 1. vydání
Edice: Definitivní vojenské mapování 1:20 000 ; 04/40-12/88, 1937
Mapa Československé republiky 1:20 000 (5 centimetrová) ; 04/40-12/88, 1937
Témata:
Fyzický popis: 1 mapa : fotokopie, barevná ; 40 x 50 cm, na listu 52 x 70 cm
Mapy
Uloženo v:
LEADER 02786nem a2200661 i 4500
001 001887918
003 CZ BrMZK
005 20240301104312.0
007 aj|canbn
008 240301s1937 xr a 0| cze d
034 1 |a a  |b 20000  |d E0184628  |e E0185501  |f N0481114  |g N0480631 
040 |a BOA001  |b cze  |e rda 
041 0 |a cze  |a slo  |a hun 
043 |a e-xo--- 
072 7 |a 623  |x Vojenská technika  |2 Konspekt  |9 7 
072 7 |a 912  |x Mapy. Atlasy. Glóby  |2 Konspekt  |9 7 
080 |a 623.64  |2 MRF 
080 |a 913(437.6)  |2 MRF 
080 |a (084.3)528.42  |2 MRF 
080 |a (084.3)355/359  |2 MRF 
080 |a (084.3.035)904  |2 MRF 
110 2 |a Československý vojenský zeměpisný ústav  |7 kn20030604013  |4 ctg  |4 pbl 
245 1 0 |a Hokovce.  |p 440-1288 /  |c Vojenský zeměpisný ústav v Praze ; Topograf: Frant. Vaňha, Jos. Koruna, Boh. Svoboda, Jak. Polák 
246 3 |a 04/40-12/88 
246 3 0 |a 440-1288 
250 |a 1. vydání 
255 |a Měřítko 1:20 000  |b Křovákovo zobrazení  |c (E 18°46'28"--E 18°55'01"/N 48°11'14"--N 48°06'31") 
264 1 |a V Praze :  |b Vojenský zeměpisný ústav,  |c 1937 
300 |a 1 mapa :  |b fotokopie, barevná ;  |c 40 x 50 cm, na listu 52 x 70 cm 
336 |a kartografický obraz  |b cri  |2 rdacontent 
337 |a bez média  |b n  |2 rdamedia 
338 |a list  |b nb  |2 rdacarrier 
490 1 |a [Definitivní vojenské mapování 1:20 000] ;  |v 04/40-12/88, 1937 
490 1 |a Mapa Československé republiky 1:20 000 (5 centimetrová) ;  |v 04/40-12/88, 1937 
500 |a Dvojbarevný otisk 
500 |a Fotokopie 
500 |a Další údaje o vydání: Mapováno r. 1937 ; Pravděpodobná magnetická deklinace pro dobu 1935 
562 |a Razítko: Zeměpisný ústav min. vnitra. Archiv  |5 CZ-BrMZK 
650 7 |a vojenská topografie  |7 ph316247  |2 czenas 
650 0 9 |a military topography  |z Slovakia  |2 eczenas 
651 7 |a Hokovce (Slovensko : oblast)  |7 ge1163615  |2 czenas 
651 9 |a Hokovce Region (Slovakia)  |2 eczenas 
655 7 |a topografické mapy  |7 fd809173  |2 czenas 
655 7 |a vojenské mapy  |7 fd133817  |2 czenas 
655 7 |a reprodukce starých map  |7 fd692820  |2 czenas 
655 9 |a military maps  |2 eczenas 
655 9 |a topographic maps  |2 eczenas 
655 9 |a reproduction of old maps  |2 eczenas 
700 1 |a Vaňha, František  |4 ctg 
700 1 |a Koruna, Josef  |4 ctg 
700 1 |a Svoboda, Boh.  |4 ctg 
700 1 |a Polák, Jakub  |4 ctg 
830 0 |a Definitivní vojenské mapování 1:20 000 ;  |v 04/40-12/88, 1937 
830 0 |a Mapa Československé republiky 1:20 000 (5 centimetrová) ;  |v 04/40-12/88, 1937 
910 |a BOA001  |b Mpa-1515.893,0440-1288-37 
990 |a MP 
991 |b 202403 
996 6 |b 2610962372  |c Mpa-1515.893,0440-1288-37  |l MZK  |r Sklad / do 24 hodin  |n 0  |p kup  |w 001957022  |u 000010  |a 1  |e BOA001  |j MZK50  |s P